Расследование инцидентов и аварий на опасных производственных объектах: монография

Бібліографічні деталі
Співавтори: Российская инженерная академия (РИА), Иркутский научно-исследовательский и конструкторский институт химического и нефтяного машиностроения (ИркутскНИИхиммаш) Открытое Акционерное Общество
Інші автори: Корчагин А. П. Александр Петрович (редактор), Баринова Н. В. Наталия Владиленовна, Кузнецов А. М. Анатолий Макарович, Кузнецов К. А. Кирилл Анатольевич
Резюме:В монографии рассмотрены причины возникновения инцидентов и аварий на предприятиях химии, нефтехимии, нефтепереработки, нефте- и газодобычи и других отраслей промышленности.Показаны последствия неправильного выбора материала для изготовления конструкций, приведены возможные дефек­ты, влияющие на срок безопасной эксплуатации.Дан анализ конструкционных материалов и приведены причины повреждения элементов оборудования.Показана необходимость правильного выбора методик, по­зволяющих выявить и оценить степень неблагоприятных из­менений в материале, приводящих к нештатным ситуациям.Книга предназначена проектировщикам и изготовителям оборудования, обслуживающим его эксплуатационникам и ремонтникам, специалистам, осуществляющим экспертизу промышленной безопасности опасных производств и рассле­дующим причины выхода их из строя.
Мова:Російська
Опубліковано: Иркутск, ИркутскНИИхиммаш, 2011
Предмети:
Формат: MixedMaterials Книга
KOHA link:https://koha.lib.tpu.ru/cgi-bin/koha/opac-detail.pl?biblionumber=288842

MARC

LEADER 00000nam0a2200000 4500
001 288842
005 20231102000129.0
010 |a 9785803807377 
035 |a (RuTPU)RU\TPU\book\313346 
090 |a 288842 
100 |a 20150330d2011 k y0rusy50 ca 
101 0 |a rus 
102 |a RU 
105 |a a z 001zy 
200 1 |a Расследование инцидентов и аварий на опасных производственных объектах  |e монография  |f А. П. Корчагин [и др.]  |g Российская инженерная академия (РИА) ; Иркутский научно-исследовательский и конструкторский институт химического и нефтяного машиностроения (ИркутскНИИхиммаш), Открытое Акционерное Общество ; под ред. А. М. Кузнецова 
210 |a Иркутск  |c ИркутскНИИхиммаш  |d 2011 
215 |a 270 с.  |c ил. 
320 |a Сведения об авторах: с. 268-270. 
330 |a В монографии рассмотрены причины возникновения инцидентов и аварий на предприятиях химии, нефтехимии, нефтепереработки, нефте- и газодобычи и других отраслей промышленности.Показаны последствия неправильного выбора материала для изготовления конструкций, приведены возможные дефек­ты, влияющие на срок безопасной эксплуатации.Дан анализ конструкционных материалов и приведены причины повреждения элементов оборудования.Показана необходимость правильного выбора методик, по­зволяющих выявить и оценить степень неблагоприятных из­менений в материале, приводящих к нештатным ситуациям.Книга предназначена проектировщикам и изготовителям оборудования, обслуживающим его эксплуатационникам и ремонтникам, специалистам, осуществляющим экспертизу промышленной безопасности опасных производств и рассле­дующим причины выхода их из строя. 
606 1 |a Промышленное оборудование  |x Экспертиза  |2 stltpush  |3 (RuTPU)RU\TPU\subj\74406  |9 86704 
610 1 |a опасные производственные объекты 
610 1 |a химические производства 
610 1 |a нефтехимические производства 
610 1 |a нефтегазодобывающие производства 
610 1 |a целлюлозно-бумажное производство 
610 1 |a аварии 
610 1 |a инциденты 
610 1 |a поломки 
610 1 |a отказы 
610 1 |a печи 
610 1 |a реакторы 
610 1 |a камеры 
610 1 |a повреждения 
610 1 |a разрушения 
610 1 |a дефекты 
610 1 |a буровое оборудование 
610 1 |a трубопроводы 
610 1 |a сварные швы 
610 1 |a сушильные барабаны 
610 1 |a прессы 
610 1 |a котлы 
610 1 |a котлоагрегаты 
610 1 |a грузоподъемное оборудование 
610 1 |a козловые краны 
610 1 |a башенные краны 
610 1 |a лифты 
610 1 |a ресурс 
610 1 |a техническое состояние 
610 1 |a безопасная эксплуатация 
675 |a 658.274  |v 4 
701 1 |a Корчагин  |b А. П.  |g Александр Петрович 
701 1 |a Баринова  |b Н. В.  |g Наталия Владиленовна 
701 1 |a Кузнецов  |b А. М.  |g Анатолий Макарович 
701 1 |a Кузнецов  |b К. А.  |g Кирилл Анатольевич 
702 1 |a Кузнецов  |b А. М.  |g Анатолий Макарович  |4 340 
712 0 2 |a Российская инженерная академия (РИА)  |c (Москва)  |2 stltpush  |3 (RuTPU)RU\TPU\col\20872 
712 0 2 |a Иркутский научно-исследовательский и конструкторский институт химического и нефтяного машиностроения (ИркутскНИИхиммаш)  |b Открытое Акционерное Общество  |2 stltpush  |3 (RuTPU)RU\TPU\col\19030 
801 1 |a RU  |b 63413507  |c 20150330 
801 2 |a RU  |b 63413507  |c 20150518  |g RCR 
900 |a Эксплуатация и ремонт оборудования 
900 |a Эксплуатация и ремонт технологического оборудования 
942 |c BK 
959 |a 25/20150330  |d 2  |e 1500,00  |f ЧЗТЛ:1  |f УФ:1